Flaggen der UN-Staaten - Statistiken

Allgemein
  • Dieses Quiz wurde 28 mal gespielt
  • Das Durchschnittsergebnis liegt bei 142 aus 195
Antwortstatistiken
Bildquiz Antwort % Korrekt
Australien
96%
Chile
96%
Georgien
96%
Kanada
96%
Österreich
96%
Polen
96%
Russland
96%
Schweden
96%
Serbien
96%
Thailand
96%
Vereinigtes Königreich
96%
Dänemark
92%
Demokratische Republik Kongo
92%
Frankreich
92%
Indien
92%
Japan
92%
Katar
92%
Kroatien
92%
Lettland
92%
Libanon
92%
Luxemburg
92%
Monaco
92%
Neuseeland
92%
Niederlande
92%
Nordkorea
92%
Norwegen
92%
Panama
92%
Peru
92%
Rumänien
92%
Schweiz
92%
Slowakei
92%
Slowenien
92%
Südkorea
92%
Tschechien
92%
Ägypten
88%
Andorra
88%
Armenien
88%
Aserbaidschan
88%
Äthiopien
88%
Bahrain
88%
Costa Rica
88%
Dominikanische Republik
88%
Ecuador
88%
Ghana
88%
Indonesien
88%
Irak
88%
Irland
88%
Island
88%
Italien
88%
Kenia
88%
Kolumbien
88%
Kuba
88%
Malta
88%
Mexiko
88%
Nepal
88%
Syrien
88%
Venezuela
88%
Angola
83%
Belarus
83%
Bulgarien
83%
Elfenbeinküste
83%
Fidschi
83%
Iran
83%
Liechtenstein
83%
Litauen
83%
Niger
83%
Nigeria
83%
Philippinen
83%
Senegal
83%
Seychellen
83%
Singapur
83%
Ungarn
83%
Vereinigte Arabische Emirate
83%
Brasilien
79%
Eswatini
79%
Haiti
79%
Kambodscha
79%
Kap Verde
79%
Laos
79%
Mongolei
79%
Paraguay
79%
Tonga
79%
Tschad
79%
Usbekistan
79%
Belize
75%
Eritrea
75%
Guinea
75%
Jemen
75%
Jordanien
75%
Kamerun
75%
Kuwait
75%
Lesotho
75%
Libyen
75%
Mauritius
75%
Moldau
75%
Myanmar
75%
Namibia
75%
Pakistan
75%
Portugal
75%
Saudi-Arabien
75%
Südafrika
75%
Tadschikistan
75%
Tuvalu
75%
Bangladesch
71%
Belgien
71%
Dschibuti
71%
Jamaika
71%
Komoren
71%
Oman
71%
Papua-Neuguinea
71%
Samoa
71%
Spanien
71%
Suriname
71%
Trinidad und Tobago
71%
Albanien
67%
Burundi
67%
Deutschland
67%
Gambia
67%
Malediven
67%
Mali
67%
Mauretanien
67%
Osttimor
67%
Republik Kongo
67%
Togo
67%
Tunesien
67%
Türkei
67%
Vereinigte Staaten von Amerika
67%
Vietnam
67%
Volksrepublik China
67%
Äquatorialguinea
63%
Argentinien
63%
Bolivien
63%
Bosnien und Herzegowina
63%
Burkina Faso
63%
Dominica
63%
Finnland
63%
Griechenland
63%
Guinea-Bissau
63%
Madagaskar
63%
Marokko
63%
Montenegro
63%
Nordmazedonien
63%
Sierra Leone
63%
Sri Lanka
63%
St. Kitts und Nevis
63%
Turkmenistan
63%
Ukraine
63%
Benin
58%
Bhutan
58%
Estland
58%
Grenada
58%
Israel
58%
Kasachstan
58%
Malaysia
58%
Mosambik
58%
Sambia
58%
San Marino
58%
Sudan
58%
Uganda
58%
Uruguay
58%
Vatikanstadt
58%
Zypern
58%
Barbados
54%
Brunei
54%
El Salvador
54%
Guyana
54%
Honduras
54%
Kirgisistan
54%
Liberia
54%
Malawi
54%
Nicaragua
54%
Somalia
54%
Südsudan
54%
Zentralafrikanische Republik
54%
Afghanistan
50%
Bahamas
50%
Kiribati
50%
São Tomé und Príncipe
50%
Simbabwe
50%
Tansania
50%
Vanuatu
50%
Algerien
46%
Antigua und Barbuda
46%
Botswana
46%
Föderierte Staaten von Mikronesien
46%
Gabun
46%
Guatemala
46%
Marshallinseln
46%
Palästina
46%
Palau
46%
St. Lucia
46%
Nauru
42%
Salomonen
42%
St. Vincent und die Grenadinen
42%
Ruanda
38%
Keine übereinstimmenden Quizze gefunden
Verteilung der Resultate
Anzahl Personen mit jedem Resultat
Perzentil nach korrekt beantworteten Fragen
Ihre Resultats-Entwicklung
Sie haben dieses Quiz noch nicht gespielt